000 01218cam a2200313 a 4500
001 4520402
003 NUST-PNEC
005 20170116180735.0
008 990105s1999 njua 001 0 eng
010 _a 99011803
020 _a0130213446
040 _aDLC
_cPNEC
_dDLC
050 0 0 _aQA76.76.O63
_bC3725 1999
082 0 0 _a005.4469 CAN
_221
100 1 _aCannon, Casey.
245 1 0 _aSimply AIX 4.3 /
_cCasey Cannon, Scott Trent, and Carolyn Jones.
250 _a2nd ed.
260 _aUpper Saddle River, N.J. :
_bPrentice Hall PTR,
_cc1999.
300 _axxxi, 334 p.
_bill.
_c24 cm.
500 _aIncludes index.
630 0 0 _aAIX (Computer file)
650 0 _aOperating systems (Computers)
_xComputer, MIS
700 1 _aTrent, Scott.
700 1 _aJones, Carolyn.
856 _uhttp://www.amazon.com/Simply-AIX-4-3-Casey-Cannon/dp/0130213446/ref=sr_1_1?s=books&ie=UTF8&qid=1416662296&sr=1-1&keywords=0130213446
906 _a7
_bcbc
_corignew
_d1
_eocip
_f19
_gy-gencatlg
942 _2ddc
_cBK
999 _c61926
_d61926